Agriculture development policy : Concepts and experiences
Spremljeno u:
| Glavni autor: | |
|---|---|
| Format: | Knjiga |
| Jezik: | Undetermined |
| Izdano: |
U.S.A.
John Wiley & Sons
2004
|
| Teme: | |
| Oznake: |
Dodaj oznaku
Bez oznaka, Budi prvi tko označuje ovaj zapis!
|
| Thư viện lưu trữ: | Trung tâm Học liệu Trường Đại học Cần Thơ |
|---|
| LEADER | 00571nam a2200205Ia 4500 | ||
|---|---|---|---|
| 001 | CTU_94659 | ||
| 008 | 210402s9999 xx 000 0 und d | ||
| 020 | |c 63.05 | ||
| 082 | |a 338.18 | ||
| 082 | |b N882 | ||
| 100 | |a Norton, Roger D. | ||
| 245 | 0 | |a Agriculture development policy : | |
| 245 | 0 | |b Concepts and experiences | |
| 245 | 0 | |c Roger D. Norton | |
| 260 | |a U.S.A. | ||
| 260 | |b John Wiley & Sons | ||
| 260 | |c 2004 | ||
| 650 | |a Agriculture and state,Sustainable agriculture | ||
| 904 | |i Tuyến | ||
| 980 | |a Trung tâm Học liệu Trường Đại học Cần Thơ | ||